000 004370000a22001810004500
003 MACL
005 20160122152018.0
008 160122b xxu||||| |||| 00| 0 eng d
040 _aMACL
_cMACL
041 _aEnglish
082 _a700.415/JOH
100 _aCampbell, Joseph
_934108
245 _aMyths to Live By
260 _bA Condor Book
_c1995
_aNew York
350 _a714
650 _aArts
_934109
942 _cBK
_k700.415/CHA
_2ddc
999 _c31216
_d31216